[Event "GER-ch U16 Girls"]
[Site "Oberhof"]
[Date "2013.05.24"]
[Round "8"]
[White "Srokovskiy, Andrea"]
[Black "Michels, Kim"]
[Result "1-0"]
[WhiteElo "1767"]
[BlackElo "1641"]
[PlyCount "113"]
[EventDate "2013.05.19"]
[EventType "swiss"]
[EventRounds "9"]
[EventCountry "GER"]
[SourceTitle "CBM 154 Extra"]
[Source "ChessBase"]
[SourceDate "2013.06.25"]
[SourceVersion "2"]
[SourceVersionDate "2013.06.25"]
[SourceQuality "1"]

1. d4 c5 2. e3 cxd4 3. exd4 Nf6 4. Nf3 g6 5. b3 Bg7 6. Bb2 d5 7. Bd3 Nc6 8. 0-0 0-0 9. Nbd2 Nb4 10. Ne5 Nd7 11. Ndf3 f6 12. Nxd7 Bxd7 13. Re1 Re8 14. Qe2 Rc8 15. c3 Nxd3 16. Qxd3 Bf5 17. Qb5 Qd7 18. Qxd7 Bxd7 19. Re2 Kf7 20. Rae1 Bf5 21. h3 Rc6 22. g4 Bd3 23. Re3 Be4 24. g5 Ra6 25. a3 Rb6 26. b4 h6 27. gxf6 exf6 28. Nd2 Rbe6 29. Nxe4 Rxe4 30. Rxe4 Rxe4 31. Rxe4 dxe4 32. Kg2 Ke6 33. c4 h5 34. Kg3 g5 35. d5+ Kf7 36. c5 Ke7 37. a4 Bf8 38. Bd4 f5 39. b5 Kd8 40. a5 Kc8 41. c6 Bd6+ 42. Kg2 bxc6 43. dxc6 Kb8 44. Kf1 Ka8 45. Ke2 f4 46. f3 e3 47. Bf6 g4 48. hxg4 hxg4 49. fxg4 Kb8 50. Bd4 Bc7 51. a6 Ka8 52. g5 Bd6 53. g6 Bf8 54. g7 Bxg7 55. Bxg7 Kb8 56. Be5+ Ka8 57. c7 1-0

[Event "GER-ch U16 Girls"]
[Site "Oberhof"]
[Date "2013.05.21"]
[Round "5"]
[White "Fesselier, Melissa"]
[Black "Srokovskiy, Andrea"]
[Result "1/2-1/2"]
[WhiteElo "1738"]
[BlackElo "1767"]
[PlyCount "61"]
[EventDate "2013.05.19"]
[EventType "swiss"]
[EventRounds "9"]
[EventCountry "GER"]
[SourceTitle "CBM 154 Extra"]
[Source "ChessBase"]
[SourceDate "2013.06.25"]
[SourceVersion "2"]
[SourceVersionDate "2013.06.25"]
[SourceQuality "1"]

1. e4 c5 2. Nf3 e6 3. d4 cxd4 4. Nxd4 a6 5. Nc3 d6 6. Be2 Nf6 7. 0-0 Be7 8. Be3 0-0 9. Kh1 b6 10. f4 Bb7 11. Bf3 Nbd7 12. Qe1 Qc7 13. f5 e5 14. Nb3 Nc5 15. Nd2 Rfd8 16. g4 d5 17. Bxc5 Bxc5 18. g5 Nxe4 19. Ndxe4 dxe4 20. Nxe4 Bf8 21. Qh4 Kh8 22. g6 fxg6 23. fxg6 h6 24. Bg2 Be7 25. Qg4 Rf8 26. c3 Qc4 27. b3 Qc7 28. Rad1 Rxf1+ 29. Rxf1 Rf8 30. Rxf8+ Bxf8 31. Qf5 1/2-1/2

[Event "GER-ch U14 Girls"]
[Site "Oberhof"]
[Date "2012.05.30"]
[Round "6"]
[White "Srokovskiy, Andrea"]
[Black "Brandl, Lea Maria"]
[Result "1/2-1/2"]
[WhiteElo "1673"]
[BlackElo "1713"]
[PlyCount "43"]
[EventDate "2012.05.27"]
[EventType "swiss"]
[EventRounds "9"]
[EventCountry "GER"]
[SourceTitle "CBM 148 Extra"]
[Source "ChessBase"]
[SourceDate "2012.06.22"]
[SourceVersion "1"]
[SourceVersionDate "2012.06.22"]
[SourceQuality "1"]

1. e4 c5 2. Nf3 d6 3. Bb5+ Bd7 4. Bxd7+ Qxd7 5. c4 Nf6 6. Nc3 Nc6 7. d4 cxd4 8. Nxd4 g6 9. 0-0 Bg7 10. Nxc6 Qxc6 11. Qd3 Rc8 12. Qd4 a6 13. b3 0-0 14. Bb2 Nxe4 15. Nd5 Bxd4 16. Nxe7+ Kg7 17. Bxd4+ f6 18. Nxc6 Rxc6 19. Rfe1 Nc5 20. Re7+ Rf7 21. Rae1 Rc7 22. Rxc7 1/2-1/2

[Event "GER-ch U14 Girls"]
[Site "Oberhof"]
[Date "2012.05.27"]
[Round "2"]
[White "Nobis, Anna"]
[Black "Srokovskiy, Andrea"]
[Result "0-1"]
[WhiteElo "1756"]
[BlackElo "1673"]
[PlyCount "96"]
[EventDate "2012.05.27"]
[EventType "swiss"]
[EventRounds "9"]
[EventCountry "GER"]
[SourceTitle "CBM 148 Extra"]
[Source "ChessBase"]
[SourceDate "2012.06.22"]
[SourceVersion "1"]
[SourceVersionDate "2012.06.22"]
[SourceQuality "1"]

1. e4 c5 2. Nc3 e6 3. g3 d5 4. e5 Nc6 5. f4 f6 6. exf6 Nxf6 7. Nf3 d4 8. Ne2 Bd6 9. Bg2 0-0 10. 0-0 Bd7 11. d3 Qc7 12. c3 dxc3 13. bxc3 e5 14. Qb3+ Kh8 15. fxe5 Nxe5 16. Nxe5 Bxe5 17. Qxb7 Qd6 18. Bf4 Qxd3 19. Bxe5 Qe3+ 20. Kh1 Qxe5 21. Rfe1 Qf5 22. Qc7 Rfc8 23. Qd6 Rab8 24. Nf4 Re8 25. Bh3 Ng4 26. Bxg4 Qxg4 27. Rf1 Rbc8 28. Rf2 Rc6 29. Qd5 Rcc8 30. Qd3 c4 31. Qd4 a6 32. Raf1 Bc6+ 33. Kg1 h5 34. Qd6 Red8 35. Qe5 h4 36. Nh5 hxg3 37. hxg3 Re8 38. Qd6 Qxh5 39. Rh2 Qxh2+ 40. Kxh2 Re2+ 41. Kh3 Bg2+ 42. Kh4 Bxf1 43. Qxa6 Rce8 44. Qb5 R8e5 45. Qb8+ Re8 46. Qb5 R2e5 47. Qd7 Re4+ 48. g4 Be2 0-1

[Event "Baden-ch U18"]
[Site "Karlsruhe Durlach"]
[Date "2012.01.03"]
[Round "3"]
[White "Srokovskiy, Andrea"]
[Black "Ruland, Leon"]
[Result "1-0"]
[WhiteElo "1734"]
[BlackElo "1496"]
[PlyCount "31"]
[EventDate "2012.01.02"]
[EventType "swiss"]
[EventRounds "7"]
[EventCountry "GER"]
[SourceTitle "EXT 2015"]
[Source "ChessBase"]
[SourceDate "2014.11.20"]
[SourceVersion "1"]
[SourceVersionDate "2014.11.20"]
[SourceQuality "1"]

1. d4 d5 2. Nf3 Nf6 3. e3 e6 4. Bd3 Be7 5. 0-0 0-0 6. b3 Nbd7 7. Nbd2 c5 8. Bb2 b6 9. Ne5 Qc7 10. f4 Nxe5 11. dxe5 Nd7 12. Qh5 g6 13. Qh6 f6 14. Bxg6 hxg6 15. Qxg6+ Kh8 16. Rf3 1-0

[Event "Baden-ch U18"]
[Site "Karlsruhe Durlach"]
[Date "2012.01.02"]
[Round "2"]
[White "Engelhard, Alexander"]
[Black "Srokovskiy, Andrea"]
[Result "1-0"]
[WhiteElo "1478"]
[BlackElo "1734"]
[PlyCount "55"]
[EventDate "2012.01.02"]
[EventType "swiss"]
[EventRounds "7"]
[EventCountry "GER"]
[SourceTitle "EXT 2015"]
[Source "ChessBase"]
[SourceDate "2014.11.20"]
[SourceVersion "1"]
[SourceVersionDate "2014.11.20"]
[SourceQuality "1"]

1. e4 c5 2. Nf3 a6 3. c3 d5 4. exd5 Qxd5 5. d4 cxd4 6. cxd4 e6 7. Nc3 Qd8 8. Be2 Nf6 9. 0-0 Be7 10. Be3 0-0 11. Nd2 b5 12. Nde4 Nbd7 13. Bf3 Rb8 14. d5 Nxd5 15. Nxd5 exd5 16. Nc3 Nf6 17. Nxd5 Nxd5 18. Bxd5 Bf5 19. Qf3 g6 20. Bh6 Re8 21. Qb3 Rf8 22. Bxf8 Qxf8 23. Rac1 Rd8 24. Rfd1 Bg5 25. Rc7 Be6 26. Bxe6 Rxd1+ 27. Qxd1 fxe6 28. Qd7 1-0

[Event "Baden-ch U18"]
[Site "Karlsruhe Durlach"]
[Date "2012.01.02"]
[Round "1"]
[White "Srokovskiy, Andrea"]
[Black "Cofman, Veaceslav"]
[Result "0-1"]
[WhiteElo "1734"]
[BlackElo "2104"]
[PlyCount "70"]
[EventDate "2012.01.02"]
[EventType "swiss"]
[EventRounds "7"]
[EventCountry "GER"]
[SourceTitle "EXT 2015"]
[Source "ChessBase"]
[SourceDate "2014.11.20"]
[SourceVersion "1"]
[SourceVersionDate "2014.11.20"]
[SourceQuality "1"]

1. d4 Nf6 2. Nf3 g6 3. e3 Bg7 4. b3 0-0 5. Bb2 d6 6. Nbd2 Bf5 7. Be2 Nbd7 8. 0-0 Re8 9. c4 e5 10. Nh4 Nf8 11. Nxf5 gxf5 12. c5 Ng6 13. Nc4 exd4 14. Bxd4 dxc5 15. Bxc5 Ne4 16. Bd4 Bxd4 17. Qxd4 Qxd4 18. exd4 Rad8 19. Na5 Rxd4 20. Bf3 Nd2 21. Rfe1 Nxf3+ 22. gxf3 Rxe1+ 23. Rxe1 Nh4 24. Re8+ Kg7 25. Kf1 Nxf3 26. Kg2 Nh4+ 27. Kf1 f4 28. Nxb7 f3 29. Re1 Ng2 30. Rc1 Rd2 31. Ra1 Rd4 32. Rc1 Rd2 33. Ra1 Rc2 34. Na5 Nf4 35. Nc4 Nh3 0-1

[Event "Stuttgart-chB int"]
[Site "Gerlingen"]
[Date "2011.06.03"]
[Round "3"]
[White "Kuhn, Magnus"]
[Black "Srokovskiy, Andrea"]
[Result "1/2-1/2"]
[WhiteElo "1579"]
[BlackElo "1749"]
[PlyCount "80"]
[EventDate "2011.06.02"]
[EventType "swiss"]
[EventRounds "7"]
[EventCountry "GER"]
[SourceTitle "EXT 2018"]
[Source "ChessBase"]
[SourceDate "2017.10.13"]
[SourceVersion "1"]
[SourceVersionDate "2017.10.13"]
[SourceQuality "1"]

1. e4 c5 2. Nf3 a6 3. d4 cxd4 4. Nxd4 Nf6 5. Nc3 e5 6. Nf3 Bb4 7. Bd3 d5 8. Qe2 d4 9. a3 Qa5 10. Rb1 Bxa3 11. bxa3 Qxc3+ 12. Bd2 Qc7 13. 0-0 0-0 14. Rfc1 Be6 15. c3 Nc6 16. cxd4 exd4 17. Nxd4 Nxd4 18. Rxc7 Nxe2+ 19. Bxe2 Nxe4 20. Bb4 Rfb8 21. f3 Nf6 22. Be7 b5 23. Bxf6 gxf6 24. Bd3 Rc8 25. Rbc1 h6 26. Be4 Rab8 27. Bb7 Rxb7 28. Rxc8+ Bxc8 29. Rxc8+ Kg7 30. Ra8 Rb6 31. Kf2 Re6 32. g4 Kg6 33. Rg8+ Kh7 34. Ra8 Kg7 35. h4 Rc6 36. Kg3 f5 37. gxf5 Kf6 38. Ra7 h5 39. Kh3 Kxf5 40. Rxf7+ Kg6 1/2-1/2

[Event "GER-ch U12"]
[Site "Oberhof"]
[Date "2010.05.29"]
[Round "11"]
[White "Altstadt, Karl Simon"]
[Black "Srokovskiy, Andrea"]
[Result "0-1"]
[WhiteElo "1401"]
[BlackElo "1726"]
[PlyCount "86"]
[EventDate "2010.05.22"]
[EventType "swiss"]
[EventRounds "11"]
[EventCountry "GER"]
[SourceTitle "CBM 136 Extra"]
[Source "ChessBase"]
[SourceDate "2010.07.02"]
[SourceVersion "2"]
[SourceVersionDate "2010.07.15"]
[SourceQuality "1"]

1. e4 c5 2. Nf3 e6 3. d4 cxd4 4. Nxd4 a6 5. Bd3 Qc7 6. 0-0 Nf6 7. Qe2 d6 8. Bd2 Be7 9. Kh1 Nbd7 10. f4 b5 11. c4 bxc4 12. Bxc4 Bb7 13. Nc3 Nc5 14. Rac1 Qb6 15. e5 Nfe4 16. Nxe4 Nxe4 17. Be3 d5 18. Nb3 Qd8 19. Bd3 0-0 20. Bxe4 dxe4 21. Rfd1 Bd5 22. Nd4 Qa5 23. a3 Rfc8 24. Bd2 Qb6 25. Bc3 f6 26. Nc2 fxe5 27. Bxe5 Bd6 28. Ne3 Bxe5 29. Nxd5 exd5 30. fxe5 Qe6 31. h3 Rxc1 32. Rxc1 Qxe5 33. Qg4 Qe8 34. Qf5 Rd8 35. Qf1 Qb5 36. Qf5 Qe8 37. Qf1 Qe6 38. b4 d4 39. Qe2 d3 40. Qe3 Qh6 41. Qxh6 gxh6 42. Kg1 e3 43. Kf1 Rf8+ 0-1

[Event "GER-ch U12"]
[Site "Oberhof"]
[Date "2010.05.27"]
[Round "8"]
[White "Srokovskiy, Andrea"]
[Black "Bluhm, Sonja Maria"]
[Result "0-1"]
[WhiteElo "1726"]
[BlackElo "1709"]
[PlyCount "56"]
[EventDate "2010.05.22"]
[EventType "swiss"]
[EventRounds "11"]
[EventCountry "GER"]
[SourceTitle "CBM 136 Extra"]
[Source "ChessBase"]
[SourceDate "2010.07.02"]
[SourceVersion "2"]
[SourceVersionDate "2010.07.15"]
[SourceQuality "1"]

1. d4 Nf6 2. e3 c5 3. c4 g6 4. Nf3 Bg7 5. Bd3 0-0 6. 0-0 cxd4 7. exd4 d5 8. c5 Nc6 9. b3 Ne4 10. Bb2 Nxc5 11. Qe2 Nxd3 12. Qxd3 Bf5 13. Qe2 Nb4 14. Ne1 Rc8 15. Nd2 Re8 16. a3 Nc2 17. Nxc2 Rxc2 18. Rab1 Bh6 19. Bc1 Qc8 20. a4 Rc3 21. Ra1 Bd3 22. Qd1 Bxf1 23. Kxf1 Qf5 24. Nf3 Bxc1 25. Rxc1 Rec8 26. Rxc3 Rxc3 27. h3 Qd3+ 28. Qxd3 Rxd3 0-1

[Event "Stuttgart-chB int"]
[Site "Ditzingen"]
[Date "2010.05.15"]
[Round "5"]
[White "Helmbrecht, Kurt"]
[Black "Srokovskiy, Andrea"]
[Result "1/2-1/2"]
[WhiteElo "1627"]
[BlackElo "1726"]
[PlyCount "47"]
[EventDate "2010.05.13"]
[EventType "swiss"]
[EventRounds "7"]
[EventCountry "GER"]
[SourceTitle "EXT 2018"]
[Source "ChessBase"]
[SourceDate "2017.10.13"]
[SourceVersion "1"]
[SourceVersionDate "2017.10.13"]
[SourceQuality "1"]

1. e4 c5 2. Nf3 a6 3. d4 cxd4 4. Nxd4 Nf6 5. Nc3 e5 6. Nb3 Bb4 7. Bd2 Nc6 8. Bd3 0-0 9. a3 Be7 10. 0-0 d5 11. exd5 Nxd5 12. Qf3 Nxc3 13. Bxc3 Bf6 14. Rad1 Qe7 15. Rfe1 Re8 16. Be4 Bd7 17. Rd3 Rac8 18. Qd1 Red8 19. f4 Be6 20. fxe5 Bxe5 21. Bxe5 Nxe5 22. Bxh7+ Kxh7 23. Rxe5 Qc7 24. Rc5 1/2-1/2

[Event "Stuttgart-chB int"]
[Site "Ditzingen"]
[Date "2010.05.15"]
[Round "6"]
[White "Srokovskiy, Andrea"]
[Black "Hengster, Pascal"]
[Result "1/2-1/2"]
[WhiteElo "1726"]
[BlackElo "1514"]
[PlyCount "44"]
[EventDate "2010.05.13"]
[EventType "swiss"]
[EventRounds "7"]
[EventCountry "GER"]
[SourceTitle "EXT 2018"]
[Source "ChessBase"]
[SourceDate "2017.10.13"]
[SourceVersion "1"]
[SourceVersionDate "2017.10.13"]
[SourceQuality "1"]

1. d4 e6 2. e3 Nf6 3. Nf3 b6 4. Bd3 Bb7 5. b3 d5 6. Bb2 Nbd7 7. Nbd2 c5 8. 0-0 Bd6 9. Ne5 0-0 10. c4 Qc7 11. Ndf3 Ne4 12. Qc2 Rae8 13. Nxd7 Qxd7 14. Ne5 Bxe5 15. dxe5 f5 16. f4 dxc4 17. Bxc4 Rd8 18. Rad1 Qc6 19. a4 a6 20. Qe2 a5 21. Bb5 Qc8 22. Rxd8 Rxd8 1/2-1/2

[Event "GER-chT U14 Girls "]
[Site "Neumuenster"]
[Date "2009.12.27"]
[Round "2"]
[White "Schmalhorst, Sophia"]
[Black "Srokovskiy, Andrea"]
[Result "1/2-1/2"]
[WhiteElo "1830"]
[BlackElo "1770"]
[PlyCount "88"]
[EventDate "2009.12.27"]
[EventType "team-swiss"]
[EventRounds "7"]
[EventCountry "GER"]
[SourceTitle "EXT 2012"]
[Source "ChessBase"]
[SourceDate "2011.11.24"]
[SourceVersion "1"]
[SourceVersionDate "2011.11.24"]
[SourceQuality "1"]

1. e4 c5 2. Nf3 e6 3. Nc3 a6 4. g3 Qc7 5. Bg2 d6 6. 0-0 Nf6 7. d3 Be7 8. Nh4 Nbd7 9. f4 Bf8 10. Kh1 g6 11. f5 Bg7 12. Bd2 0-0 13. Qc1 exf5 14. exf5 Ne5 15. Bh6 Bd7 16. Bxg7 Kxg7 17. Nd5 Nxd5 18. Bxd5 Ng4 19. Qf4 Nf6 20. Bg2 h6 21. fxg6 fxg6 22. Rae1 Rae8 23. Rxe8 Bxe8 24. g4 Nd7 25. Qc1 Rxf1+ 26. Qxf1 Ne5 27. h3 b6 28. Nf3 Nxf3 29. Qxf3 Qf7 30. Kh2 Qxf3 31. Bxf3 g5 32. Kg2 Kf6 33. Kf2 Ke5 34. Ke3 d5 35. Bg2 d4+ 36. Kf2 Kf4 37. Bd5 b5 38. Be6 b4 39. Bd5 Ba4 40. b3 Be8 41. Bf3 a5 42. Bd1 Bd7 43. Bf3 Be6 44. Be4 Bd7 1/2-1/2

[Event "Stuttgart-chB int"]
[Site "Ditzingen"]
[Date "2009.05.23"]
[Round "6"]
[White "Hennig, Jan"]
[Black "Srokovskiy, Andrea"]
[Result "1/2-1/2"]
[WhiteElo "1534"]
[BlackElo "1809"]
[PlyCount "39"]
[EventDate "2009.05.21"]
[EventType "swiss"]
[EventRounds "7"]
[EventCountry "GER"]
[SourceTitle "EXT 2018"]
[Source "ChessBase"]
[SourceDate "2017.10.13"]
[SourceVersion "1"]
[SourceVersionDate "2017.10.13"]
[SourceQuality "1"]

1. c4 e5 2. g3 Nf6 3. Bg2 Nc6 4. Nc3 Bc5 5. Nf3 d6 6. Rb1 Be6 7. d3 0-0 8. 0-0 Qd7 9. a3 Bh3 10. b4 Bb6 11. Bg5 Bxg2 12. Kxg2 Qe6 13. Bxf6 Qxf6 14. Nd5 Qd8 15. Qb3 Ne7 16. Nxb6 axb6 17. Rfd1 Qd7 18. e4 Ng6 19. d4 Qg4 20. Qe3 1/2-1/2

[Event "GER-ch U10"]
[Site "Willingen"]
[Date "2008.05.11"]
[Round "10"]
[White "Manusina, Nicole"]
[Black "Srokovskiy, Andrea"]
[Result "1/2-1/2"]
[WhiteElo "1601"]
[BlackElo "1528"]
[PlyCount "54"]
[EventDate "2008.05.11"]
[EventType "swiss"]
[EventRounds "11"]
[EventCountry "GER"]
[SourceTitle "CBM 124 Extra"]
[Source "ChessBase"]
[SourceDate "2008.07.03"]
[SourceVersion "1"]
[SourceVersionDate "2008.07.03"]
[SourceQuality "1"]

1. e4 c5 2. d4 cxd4 3. c3 dxc3 4. Nxc3 Nc6 5. Nf3 d6 6. Bc4 Nf6 7. 0-0 a6 8. Bf4 Bg4 9. Qd3 Bxf3 10. Qxf3 Rc8 11. Rfd1 e5 12. Be3 Na5 13. Be2 Nc4 14. Bxc4 Rxc4 15. Bg5 h6 16. Bh4 Be7 17. Bg3 Qb6 18. Rab1 Qc6 19. Re1 0-0 20. Bh4 Qd7 21. Rbd1 Rfc8 22. Bxf6 Bxf6 23. Nd5 Qd8 24. Qb3 b5 25. Kh1 R8c6 26. f3 Qc8 27. Qe3 Bg5 1/2-1/2

[Event "GER-ch U10"]
[Site "Willingen"]
[Date "2008.05.11"]
[Round "7"]
[White "Srokovskiy, Andrea"]
[Black "Mueller, Constantin"]
[Result "1/2-1/2"]
[WhiteElo "1528"]
[BlackElo "1275"]
[PlyCount "70"]
[EventDate "2008.05.11"]
[EventType "swiss"]
[EventRounds "11"]
[EventCountry "GER"]
[SourceTitle "CBM 124 Extra"]
[Source "ChessBase"]
[SourceDate "2008.07.03"]
[SourceVersion "1"]
[SourceVersionDate "2008.07.03"]
[SourceQuality "1"]

1. e4 e6 2. d4 d5 3. exd5 exd5 4. Nf3 Bf5 5. Bd3 Bxd3 6. Qxd3 Bd6 7. 0-0 c6 8. Re1+ Ne7 9. Bg5 Nd7 10. Nc3 h6 11. Bh4 g5 12. Bg3 Qc7 13. Bxd6 Qxd6 14. Qe3 Nf8 15. Qe5 Qxe5 16. Rxe5 Nfg6 17. Re3 0-0-0 18. h3 Nf5 19. Re2 Rhe8 20. Rae1 Kd7 21. Rxe8 Rxe8 22. Rxe8 Kxe8 23. g4 Nd6 24. Kg2 Nf4+ 25. Kg3 Nc4 26. b3 Na3 27. Ne1 b5 28. Kf3 f6 29. Ne2 Nxe2 30. Kxe2 b4 31. Kd2 Nb5 32. Nd3 a5 33. Ke3 Nd6 34. Nc5 Ke7 35. f3 f5 1/2-1/2